LEADER 06520nam 22008415 450 001 996465584903316 005 20200705141233.0 010 $a3-642-10427-4 024 7 $a10.1007/978-3-642-10427-5 035 $a(CKB)1000000000804416 035 $a(SSID)ssj0000355444 035 $a(PQKBManifestationID)11274864 035 $a(PQKBTitleCode)TC0000355444 035 $a(PQKBWorkID)10337783 035 $a(PQKB)10543414 035 $a(DE-He213)978-3-642-10427-5 035 $a(MiAaPQ)EBC3064774 035 $a(PPN)139962751 035 $a(EXLCZ)991000000000804416 100 $a20100301d2009 u| 0 101 0 $aeng 135 $aurnn#008mamaa 181 $ctxt 182 $cc 183 $acr 200 10$aArtificial Life: Borrowing from Biology$b[electronic resource] $e4th Australian Conference, ACAL 2009, Melbourne, Australia, December 1-4, 2009, Proceedings /$fedited by Kevin B. Korb, Marcus Randall, Tim Hendtlass 205 $a1st ed. 2009. 210 1$aBerlin, Heidelberg :$cSpringer Berlin Heidelberg :$cImprint: Springer,$d2009. 215 $a1 online resource (XI, 283 p.) 225 1 $aLecture Notes in Artificial Intelligence ;$v5865 300 $aBibliographic Level Mode of Issuance: Monograph 311 $a3-642-10426-6 320 $aIncludes bibliographical references and index. 327 $aAlife Art -- An Empirical Exploration of a Definition of Creative Novelty for Generative Art -- A New Definition of Creativity -- Genetically Optimized Architectural Designs for Control of Pedestrian Crowds -- Game Theory -- Co-evolutionary Learning in the N-player Iterated Prisoner?s Dilemma with a Structured Environment -- Evolving Cooperation in the N-player Prisoner?s Dilemma: A Social Network Model -- Using Misperception to Counteract Noise in the Iterated Prisoner?s Dilemma -- Evolution -- An Analysis and Evaluation of the Saving Capability and Feasibility of Backward-Chaining Evolutionary Algorithms -- Evolutionary Intelligence and Communication in Societies of Virtually Embodied Agents -- Testing Punctuated Equilibrium Theory Using Evolutionary Activity Statistics -- Complex Systems -- Evaluation of the Effectiveness of Machine-Based Situation Assessment -- Experiments with the Universal Constructor in the DigiHive Environment -- Making a Self-feeding Structure by Assembly of Digital Organs -- Towards Tailored Communication Networks in Assemblies of Artificial Cells -- Biological Systems -- A Developmental System for Organic Form Synthesis -- Layered Random Inference Networks -- Modelling Hepatitis B Virus Antiviral Therapy and Drug Resistant Mutant Strains -- Multivesicular Assemblies as Real-World Testbeds for Embryogenic Evolutionary Systems -- Social Modelling -- Designing Adaptive Artificial Agents for an Economic Production and Conflict Model -- Emergent Societal Effects of Crimino-Social Forces in an Animat Agent Model -- Swarm Intelligence -- A Heterogeneous Particle Swarm -- An Analysis of Locust Swarms on Large Scale Global Optimization Problems -- Continuous Swarm Surveillance via Distributed Priority Maps -- Optimization in Fractal and Fractured Landscapes Using Locust Swarms -- Heuristics -- A Hybrid Extremal Optimisation Approach for the Bin Packing Problem -- Feedback of Delayed Rewards in XCS for Environments with Aliasing States -- Memetic Approaches for Optimizing Hidden Markov Models: A Case Study in Time Series Prediction -- The Effects of Different Kinds of Move in Differential Evolution Searches. 330 $aThis book constitutes the refereed proceedings of the 4th Australian Conference on Artificial Life, ACAL 2009, held in Melbourne, Australia, in December 2009. The 27 revised full papers presented were carefully reviewed and selected from 60 submissions. Research in Alife covers the main areas of biological behaviour as a metaphor for computational models, computational models that reproduce/duplicate a biological behaviour, and computational models to solve biological problems. Thus, Alife features analyses and understanding of life and nature and helps modeling biological systems or solving biological problems. The papers are organized in topical sections on alife art, game theory, evolution, complex systems, biological systems, social modelling, swarm intelligence, and heuristics. 410 0$aLecture Notes in Artificial Intelligence ;$v5865 606 $aArtificial intelligence 606 $aComputer simulation 606 $aBioinformatics 606 $aOptical data processing 606 $aComputers 606 $aComputer organization 606 $aArtificial Intelligence$3https://scigraph.springernature.com/ontologies/product-market-codes/I21000 606 $aSimulation and Modeling$3https://scigraph.springernature.com/ontologies/product-market-codes/I19000 606 $aComputational Biology/Bioinformatics$3https://scigraph.springernature.com/ontologies/product-market-codes/I23050 606 $aComputer Imaging, Vision, Pattern Recognition and Graphics$3https://scigraph.springernature.com/ontologies/product-market-codes/I22005 606 $aComputation by Abstract Devices$3https://scigraph.springernature.com/ontologies/product-market-codes/I16013 606 $aComputer Systems Organization and Communication Networks$3https://scigraph.springernature.com/ontologies/product-market-codes/I13006 608 $aKongress.$2swd 608 $aMelbourne (2009)$2swd 615 0$aArtificial intelligence. 615 0$aComputer simulation. 615 0$aBioinformatics. 615 0$aOptical data processing. 615 0$aComputers. 615 0$aComputer organization. 615 14$aArtificial Intelligence. 615 24$aSimulation and Modeling. 615 24$aComputational Biology/Bioinformatics. 615 24$aComputer Imaging, Vision, Pattern Recognition and Graphics. 615 24$aComputation by Abstract Devices. 615 24$aComputer Systems Organization and Communication Networks. 676 $a004n/a 686 $aDAT 718f$2stub 686 $aSS 4800$2rvk 702 $aKorb$b Kevin B$4edt$4http://id.loc.gov/vocabulary/relators/edt 702 $aRandall$b Marcus$4edt$4http://id.loc.gov/vocabulary/relators/edt 702 $aHendtlass$b Tim$4edt$4http://id.loc.gov/vocabulary/relators/edt 712 12$aAustralian Conference on Artificial Life 906 $aBOOK 912 $a996465584903316 996 $aArtificial Life: Borrowing from Biology$9773783 997 $aUNISA